What Katy did

Bibliographic Details
Main Author: Coolidge Susan
Format: Book
Published: Johor : Penerbitan Pelangi Sdn Bhd , 2013
Series:Young learners classic readers
Subjects:

MARC

LEADER 00000cam a2200000 7i4500
001 0000070754
005 20220105104326.0
008 170222
020 |a 9789830056838 
090 0 0 |a JP CT   |b ENG 
100 0 |a Coolidge Susan 
245 0 0 |a What Katy did   |c Susan Coolidge 
260 |a Johor :   |b Penerbitan Pelangi Sdn Bhd ,   |c 2013 
490 1 |a Young learners classic readers 
500 |a Children age 4-6 years old (yellow) 
650 0 |a Junior fiction   |x Eng Stories. 
999 |a 0001420399   |b Book   |c Children Collection   |e Cawangan Taman Universiti 
999 |a 0001420400   |b Book   |c Children Collection   |e Cawangan Taman Sri Lambak 
999 |a 0001420401   |b Book   |c Children Collection   |e Cawangan Pontian 
999 |a 0001420402   |b Book   |c Children Collection   |e Cawangan Batu Pahat 
999 |a 0001420403   |b Book   |c Children Collection   |e Cawangan Kota Tinggi 
999 |a 0001420404   |b Book   |c Children Collection   |e Cawangan Tangkak 
999 |a 0001420405   |b Book   |c Children Collection   |e Cawangan Sri Merlong 
999 |a 0001420406   |b Book   |c Children Collection   |e Cawangan Muar 
999 |a 0001420407   |b Book   |c Children Collection   |e Cawangan Bandar Tenggara 
999 |a 0001420408   |b Book   |c Children Collection   |e Cawangan Bandar Penawar 
999 |a 0001420409   |b Book   |c Children Collection   |e Cawangan Bukit Gambir 
999 |a 0001420410   |b Book   |c Children Collection   |e Cawangan Segamat 
999 |a 0001420411   |b Book   |c Children Collection   |e Cawangan Mersing 
999 |a 0001420412   |b Book   |c Children Collection   |e Cawangan Tmn. Ungku Tun Aminah 
999 |a 0001421037   |b Book   |c Children Collection   |e Cawangan Mersing 
999 |a 0001421060   |b Book   |c Children Collection   |e Cawangan Taman Sri Lambak 
999 |a 0001421062   |b Book   |c Children Collection   |e Cawangan Segamat 
999 |a 0001425041   |b Book   |c Children Collection   |e Perbadanan Perpustakaan Awam Johor 
999 |a 0001425042   |b Book   |c Children Collection   |e Perbadanan Perpustakaan Awam Johor 
999 |a 0001425043   |b Book   |c Children Collection   |e Cawangan AEON Kulaijaya 
999 |a 0001425044   |b Book   |c Children Collection   |e Cawangan Urban Transformation Centre